| 000 | 00677nam a22002417a 4500 | ||
|---|---|---|---|
| 005 | 20170124110241.0 | ||
| 010 | _aB-125296 | ||
| 020 |
_c2250.00 _a8185026602 |
||
| 035 | _aB-125296 | ||
| 037 | _bCen Lib/Ret | ||
| 040 |
_aDPL _bEN |
||
| 082 |
_a704.9 _bNEW |
||
| 245 |
_aNew insights into Sikh art / _cedited kavita Singh |
||
| 246 | _b | ||
| 260 |
_aMumbai _bMarg Publications _c2003 |
||
| 270 |
_a24, Homi mody street _bMumbai _e400001 |
||
| 300 |
_a148p. : _c33cm(Hb) _bill. |
||
| 500 | _aIncludes index | ||
| 650 |
_aSikh art. _995065 |
||
| 650 |
_aSikhismus. _995066 |
||
| 700 |
_aSingh, kavita _995067 |
||
| 942 |
_2ddc _cEN _h704.9 _mNEW |
||
| 999 |
_c135199 _d135199 |
||